000 00556nam a22001577a 4500
008 220610b |||||||| |||| 00| 0 eng
020 _a080914042.
050 _aBX1753.H54 2001
100 _aHimes, R. Kenneth,O.F.M.
_951818
245 _aResponse to 101 questions on catholic social teaching.
_cKenneth R. Himes,O.F.M.
260 _aNew York:
_bPaulist Press,
_c1998.
300 _axiii,115p.;
_c20cm.
650 _asociology,christian (catholic)
_xmiscellanea
_951819
650 _acatholic church
_vmiscellanea
_xdoctrines
_951820
942 _2lcc
_cMONOGRAPH
999 _c131511
_d131511